00209nam a2200073Ia 4500008004100000082001300041100001700054245006400071240331s9999 xx 000 0 und d a376bWEE aWeeratunge,N 0aAspects of ethnicity and gender among the Rodi of Sri LAnka